000 00224nam a2200085Ia 4500
245 0 _aThe dreadful duke
100 _a Hazard, Barbara Leicester, 2009
_978561
942 _cBK
008 210819s9999 xx 000 0 und d
999 _c271756
_d271755